|
|
|
|
| LEADER |
00000caa a2200000 c 4500 |
| 001 |
146994524X |
| 003 |
DE-627 |
| 005 |
20260303092702.0 |
| 007 |
tu |
| 008 |
140122s1988 xx ||||| 00| ||eng c |
| 035 |
|
|
|a (DE-627)146994524X
|
| 035 |
|
|
|a (DE-576)399945245
|
| 035 |
|
|
|a (DE-599)BSZ399945245
|
| 040 |
|
|
|a DE-627
|b ger
|c DE-627
|e rakwb
|
| 041 |
|
|
|a eng
|
| 100 |
1 |
|
|a Felman, James
|4 aut
|
| 245 |
1 |
0 |
|a Drug testing and public employment
|b toward a rational application of the fourth amendment
|c James Felman and Christopher J. Petrini
|
| 264 |
|
1 |
|c 1988
|
| 336 |
|
|
|a Text
|b txt
|2 rdacontent
|
| 337 |
|
|
|a ohne Hilfsmittel zu benutzen
|b n
|2 rdamedia
|
| 338 |
|
|
|a Band
|b nc
|2 rdacarrier
|
| 700 |
1 |
|
|a Petrini, Christopher J.
|4 aut
|
| 773 |
0 |
8 |
|i In
|t Law and contemporary problems
|d Durham, NC : [Verlag nicht ermittelbar], 1934
|g 51(1988), 1, Seite 253-297
|w (DE-627)166528978
|w (DE-600)214800-6
|w (DE-576)01495477X
|x 0023-9186
|7 nnas
|
| 773 |
1 |
8 |
|g volume:51
|g year:1988
|g number:1
|g pages:253-297
|
| 951 |
|
|
|a AR
|
| ELC |
|
|
|b 1
|
| LOK |
|
|
|0 000 xxxxxcx a22 zn 4500
|
| LOK |
|
|
|0 001 2781053457
|
| LOK |
|
|
|0 003 DE-627
|
| LOK |
|
|
|0 004 146994524X
|
| LOK |
|
|
|0 005 20260303092702
|
| LOK |
|
|
|0 008 140122||||||||||||||||ger|||||||
|
| LOK |
|
|
|0 040
|a DE-21-110
|c DE-627
|d DE-21-110
|
| LOK |
|
|
|0 689
|a s
|a Drogentestprogramme
|
| LOK |
|
|
|0 689
|a s
|a Beschäftigung
|
| LOK |
|
|
|0 852
|a DE-21-110
|
| LOK |
|
|
|0 852 1
|m p
|9 00
|
| LOK |
|
|
|0 935
|a k110
|
| LOK |
|
|
|0 938
|k p
|
| LOK |
|
|
|0 939
|a 22-01-14
|b l01
|
| ORI |
|
|
|a WA-MARC-krimdoka001.raw
|